• 首页
  • 本馆介绍
  • 公告通知
  • 最新文献
  • 馆藏检索
  • 电子资源
  • 读者导购
  • 参考咨询
  • 我的图书馆
  • 登录
  • 详细信息显示
  • 放入我的书架
  • 预约/预借图书
  • 作者相关作品
  • 分类相关作品
  • 丛书相关作品
  • 出版社相关作品

书目信息

  • 表格格式
  • 工作单格式
  • 卡片格式
书名: WORLD DIRECTORY OF FERTILIZER PRODUCTS
作者: C.Wahba.
分册号:
分册名:
出版地: London :
 
出版社: The British Sulphur Corproratin Limited
出版时间: c1981.
页数: 125 p. ;
开本: 28cm.
丛书名:
中图分类号:
科图分类号:
其他分类号: F767.1-62
主题词:
电子资源:
000 00479nam 2200169 a 4500
001 E0730870230
005 20070426083823.06
008 070426s1981 00010 eng
020    @a0-902777-46-7.
040    @aPFT@beng
090    @aF767.1-62
099    @dF767.1-62@ex6=5
242    @a世界肥料产品指南
245 1  @aWORLD DIRECTORY OF FERTILIZER PRODUCTS / @cC.Wahba.
250    @a5th ed.
260    @aLondon :@bThe British Sulphur Corproratin Limited,@cc1981.
300    @a125 p. ;@c28cm.
    
    WORLD DIRECTORY OF FERTILIZER PRODUCTS / / C.Wahba.-5th ed.-London : : The British Sulphur Corproratin Limited, , c1981.
    125 p. ; ; 28cm.
    
    
    ISBN 0-902777-46-7.
    
●
相关链接 在E读中查询图书 在五车中查询图书 在当当中查询图书 在豆瓣中查询图书


正题名:WORLD DIRECTORY OF FERTILIZER PRODUCTS     索取号:F767.1-62/x6=5         预约/预借

序号 登录号 条形码 馆藏地/架位号 状态 备注
1 183308   001166810   第二样本阅览室/ [索取号:F767.1-62/x6=5] 在馆    
唐山师范学院图书馆 欢迎您!
大连网信软件有限公司© 版权所有